00433nam a22001457a 4500008004100000020001500041041000800056080000800064100000700072101000800079245005900087942001200146999001700158952011200175181219b xxu||||| |||| 00| 0 eng d a0517250225 aeng a710 a43 aART aJapan A Picture Book To Rember Her BycGibbon.S 2udccBK c53502d53502 00102udc40708PËKGa002b002cPËKGd2018-12-19l0o710 GIBp002-3019107r2018-12-19w2018-12-19yBK